000 00448nam a2200169Ia 4500
003 GCL
008 140319s9999 xx 000 0 eng d
040 _aGCL /
_cGCL
082 0 4 _a150.724
_bC E
100 1 _aCHRISTENSEN, LARRY B.
245 1 0 _aEXPERIMENTAL METHODOLOGY /
_cCHRISTENSEN, LARRY B.
260 _a[S.N] :
_bALLYN AND BACON ،
_c1985
300 _a359 P
650 0 4 _aEXPERIMENTAL DESIGN
650 0 4 _aEXPERIMENTS
942 _2ddc
_cBK
999 _c13147
_d13147